000 00907nam a22002057a 4500
003 JO-AjAnu
005 20250715112007.0
008 250715b jo ||||| |||| 00| 0 ara d
040 _aJO-AjAnu
_beng
_cJO-AjAnu
_dJO-AjAnu
_erda
041 _aeng
_heng
050 _aQA14
_b2025
100 1 _aAlaroud, Eman Mahmoud Abd-Asla'am
_ePrepared
_966586
245 0 _a Mathmatical Modeling Electromagnetic and Thermal Radiation Effects on Eyring-Powell Nanofluid Flow Over a Shrinking Sheet in a Porous Medium /
_c Prepared Eman Mahmoud Abd-Asla'am Alaroud Supervisor Hamzeh Taha Alkasasbeh
260 _c2025
300 _a73 paper
504 _aUniversity Thesis (Master's Thesis) - Ajloun National University (Ajloun, Jordan) - Faculty of Science, Department of Mathematics, 2025
650 7 0 _aMathmatical Modeling
_966587
700 1 _aAlkasasbeh, Hamzeh Taha
_eSupervisor
_966037
942 _2lcc
_cTHS
_n0
999 _c33941
_d33941